For this cause: (Record no. 17149)

000 -LEADER
fixed length control field 00542nam a2200169 a 4500
001 - CONTROL NUMBER
control field :::00020880$&:&@@
003 - CONTROL NUMBER IDENTIFIER
control field OkBaRHE
005 - DATE AND TIME OF LATEST TRANSACTION
control field 20040128135102.0
008 - FIXED-LENGTH DATA ELEMENTS--GENERAL INFORMATION
fixed length control field s2001 j 000 0 eng u
040 ## - CATALOGING SOURCE
Transcribing agency
100 1# - MAIN ENTRY--PERSONAL NAME
Personal name Houston, Brian
245 10 - TITLE STATEMENT
Title For this cause:
Remainder of title finding the meaning of life, and living a life of meaning.
260 ## - PUBLICATION, DISTRIBUTION, ETC. (IMPRINT)
Place of publication, distribution, etc Castle Hill, AU
Name of publisher, distributor, etc Maximised Leadership
Date of publication, distribution, etc 2001
300 ## - PHYSICAL DESCRIPTION
Extent 174 p.
942 ## - ADDED ENTRY ELEMENTS (KOHA)
Source of classification or shelving scheme
Koha item type Books
Copies
Barcode Source of classification or shelving scheme Not for loan Withdrawn status Price effective from Lost status Full call number Damaged status Date acquired Shelving location Copy number Permanent Location Date last seen Koha item type
20880   2010-04-14 BV 4501 .H843 2010-04-14General Stacks1RHEMA Bible Training College2010-04-14Books